000 00810cam a22002298i 4500
005 20160607105703.0
010 _aENG-115197
020 _a9789351501817
_c650.00
035 _aEN-98729
037 _bDBAD/PUB
082 0 0 _a150.15195
_223
100 1 _aMohanty, Banamali
245 1 0 _aStatistics for behavioural and social sciences /
_cby Banamali Mohanty [and] Santa Misra
260 _aNew Delhi
_bSAGE Publications
_c2016
270 _aB1/I-1 Mohan Cooperative Industrial Area, Mathura Road
_bNew Delhi
_e110044
300 _avarious pagings
_c25cm(pbk)
500 _aIncludes bibliographical references and index
650 0 _aPsychology
_xStatistical methods.
650 0 _aSocial sciences
_xStatistical methods.
700 1 _aMisra, Santa
942 _2ddc
_cEN
_h150.15195
_mMOH
999 _c100093
_d100093